| 000 | 00777nam a2200253Ia 4500 | ||
|---|---|---|---|
| 003 | OSt | ||
| 005 | 20220923225108.0 | ||
| 006 | a|||||r|||| 00| 0 | ||
| 007 | ta | ||
| 008 | 220922b |||||||| |||| 00| 0 hin d | ||
| 024 | _a257,201 | ||
| 037 | _cTextual | ||
| 040 |
_aARTS _cARTS _bhin |
||
| 041 |
_2hin _ahin |
||
| 082 | _aO152:g, N6 | ||
| 100 | _aसहाय, शिवपूजन | ||
| 245 | 0 | _aहिन्दी भाषा साहित्य | |
| 246 | _aHindī bhāṣhā sāhitya | ||
| 260 |
_aदिल्ली _b सारांश _c1996 |
||
| 300 |
_a188पृ. _ccm. |
||
| 650 |
_aहिन्दी साहित्य _9156264 |
||
| 942 |
_hO152:g, N6 _cTEXL _2CC |
||
| 999 |
_c376023 _d376023 |
||